| 000 | 00679nam a2200253Ia 4500 | ||
|---|---|---|---|
| 003 | OSt | ||
| 005 | 20220918174814.0 | ||
| 006 | a|||||r|||| 00| 0 | ||
| 007 | ta | ||
| 008 | 220917b |||||||| |||| 00| 0 eng d | ||
| 024 | _a14,211 | ||
| 037 | _cTextual | ||
| 040 |
_aARTS _cARTS _beng |
||
| 041 |
_2eng _aeng |
||
| 082 | _aNT5,N9, N7 | ||
| 100 |
_aMulryne J R ed _951817 |
||
| 245 | 0 | _aShakespeare's Globe rebuilt | |
| 260 |
_aCambridge _bCUP _c1997 |
||
| 300 |
_a192p. _ccm. |
||
| 650 | _aTHEATRE; ARTS | ||
| 700 |
_a Shewring Margaret ed _951818 |
||
| 942 |
_hNT5,N9, N7 _cTEXL _2CC |
||
| 999 |
_c154766 _d154766 |
||